00929nam a22002537a 450000500170000001000130001702000100003003500130004003700160005304000120006908200190008124501040010026000440020427000480024830000200029650000200031665000210033665000280035770000250038570000250041094200280043599900190046395201930048220170124110026.0 aA-517489 c00.00 aA-517489 bCen Lib/Ret aDPLbEN a551.60954bIND aIndian Geosphere-Biosphere Programme :cedited by T. N. Khoshoo [and] Manju Sharmabsome aspects /  aNew DelhibVikas Publishing Housec1991 a576 Masjid Road, JanpurabNew Delhie110014 a289p.c21cm(Hb) aIncludes index  aBiosphere920776 aClimatic changes920777 aKhoshoo, T. N920778 aSharma, Manju920779 2ddccENh551.60954mIND c127538d127538 04104070aLbLd2015-06-29eCen Lib/Ret g0.00l0o551.60954 INDpA-517489r2015-06-29 00:00:00t1v0.00w2015-06-29yENzWritten off on approval by DLB (By Circulation); dtd 15-06-2023